000 00449nam a2200193Ia 4500
999 _c6340
_d6340
003 0100
008 130227s9999 xx 000 0 und d
040 _cARRUPELIB
050 _aGN470.L45
245 _aAnthropology of folk religion
260 _aNew York:
_bVintage Books,
_c1960
300 _axviii
300 _b453 x 18cm
650 _aReligion, Primitive
_925846
700 _aLeslie, Charles M. (ed)
_937652
942 _2lcc
_cMONOGRAPH